| 000 | 01029nam a2200277 c 4500 | ||
|---|---|---|---|
| 999 |
_c136434 _d136434 |
||
| 003 | BLK | ||
| 005 | 20230503103202.0 | ||
| 008 | 180409b bul|||||r ||||||| ||bul|| | ||
| 010 | _aKNG00142376000 | ||
| 040 | _aBLK | ||
| 041 |
_aBUL _cBUL |
||
| 080 |
_aБългарска литература _b821.163.2 _x-31 _z821.163.2-31 |
||
| 100 | 1 |
_aГолев, Владимир Иванов _eпърви автор _9365746 |
|
| 139 |
_aГолев, Владимир Иванов _bГ 63 |
||
| 245 | 1 | 0 |
_aСпомени за едно лято _bПочти докум. роман за юноши _cВладимир Иванов Голев. |
| 257 | _aBGR | ||
| 260 |
_aПловдив _bХристо Г. Данов _c1983 |
||
| 300 |
_a228 с. _c21 см |
||
| 380 | _aX | ||
| 500 | _a20 100 тир. | ||
| 852 | _aЦб 122828 | ||
| 856 | 4 | _qpdf | |
| 856 | 4 | _qpdf | |
| 942 |
_cKNG _n0 _s1 _02 |
||
| 944 |
_aCR _c23.04.2013 _l23.04.2013 - от С1,Р / 23.04.2013 _kСевдалина_Василева |
||
| 944 |
_aED _c23.04.2013 _l23.04.2013 - от С1,Р / 23.04.2013 |
||
| 999 | _d136434 | ||